000 00264nam a2200097Ia 4500
001 727352
005 20250826163447.0
008 250824s9999 xx 000 0 und d
245 0 _aKUR AN NİÇİN VE NASIL OKUNMALI
_cALİ AKPINAR
260 _bKİTAP DÜNYASI YAYINLARI
999 _c727352
_d727352